Merchant, Soldier, Sage : (Record no. 5023)

MARC details
000 -LEADER
fixed length control field 00871nam a22002297a 4500
001 - CONTROL NUMBER
control field 5023
003 - CONTROL NUMBER IDENTIFIER
control field FISKH
005 - DATE AND TIME OF LATEST TRANSACTION
control field 20241031164845.0
008 - FIXED-LENGTH DATA ELEMENTS--GENERAL INFORMATION
fixed length control field 241031b cb ||||| |||| 00| 0 eng d
020 ## - INTERNATIONAL STANDARD BOOK NUMBER
International Standard Book Number 9780241955215
040 ## - CATALOGING SOURCE
Original cataloging agency FISKH
Language of cataloging eng
Transcribing agency FISKH
Modifying agency FISKH
050 ## - LIBRARY OF CONGRESS CALL NUMBER
Classification number D210.P935
082 ## - DEWEY DECIMAL CLASSIFICATION NUMBER
Classification number 305.09
100 ## - MAIN ENTRY--PERSONAL NAME
Personal name Priestland, David
245 ## - TITLE STATEMENT
Title Merchant, Soldier, Sage :
Remainder of title A History of the World in Three Castes /
Statement of responsibility, etc. by David Priestland
260 ## - PUBLICATION, DISTRIBUTION, ETC.
Place of publication, distribution, etc. London :
Name of publisher, distributor, etc. Penguin Books ;
Date of publication, distribution, etc. 2012 .
300 ## - PHYSICAL DESCRIPTION
Extent 330 pages :
Other physical details illustrations ;
Dimensions 20 cm .
520 ## - SUMMARY, ETC.
Summary, etc. Outlines a reinterpretation of modern history that explores a continuing struggle among three prevailing power groups--the merchant, soldier, and sage--and traces how they have vied for dominance throughout recent centuries.
650 ## - SUBJECT ADDED ENTRY--TOPICAL TERM
Topical term or geographic name entry element world history
Form subdivision non-fiction
942 ## - ADDED ENTRY ELEMENTS (KOHA)
Source of classification or shelving scheme Dewey Decimal Classification
Koha item type Books
Suppress in OPAC No
Holdings
Withdrawn status Lost status Source of classification or shelving scheme Damaged status Not for loan Collection Home library Current library Shelving location Date acquired Total Checkouts Full call number Barcode Date last seen Price effective from Koha item type
    Dewey Decimal Classification     Non-Fiction Footprints International School Library Network Toul Kork Campus Footprints International School Library Network Toul Kork Campus TTP Secondary Non-Fiction Bookshelves 10/31/2024   PRE 305.09 D210.P935 FISSE01609 10/31/2024 10/31/2024 Books